000 00348nam a22001337a 4500
008 141010b xxu||||| |||| 00| 0 eng d
080 _a658
245 _aAnalise das Organizacoes
_cLitterer, Joseph A.
250 _a1 ed.
260 _aBrasil
_bAtlas
_c1970
300 _a521p.
_b
_c
_e
_f
_g
650 _2Analise Organizacional
942 _2udc
_cBK
999 _c30933
_d30933